Miasta i wsie w powiecie suskim - Statystyki

Ogólne statystyki
  • Ten quiz został rozwiązany 7 razy
  • Średni wynik to 29 z 37
Statystyki odpowiedzi
Gmina Odpowiedź % Poprawnych
Budzów Budzów
100%
Bystra-Sidzina Bystra Podhalańska
100%
Jordanów (miejska) Jordanów
100%
Maków Podhalański Maków Podhalański
100%
Bystra-Sidzina Sidzina
100%
Zawoja Skawica
100%
Stryszawa Stryszawa
100%
Sucha Beskidzka Sucha Beskidzka
100%
Zembrzyce Tarnawa Górna
100%
Zawoja Zawoja
100%
Zembrzyce Zembrzyce
100%
Budzów Baczyn
83%
Maków Podhalański Białka
83%
Budzów Bieńkówka
83%
Maków Podhalański Grzechynia
83%
Budzów Jachówka
83%
Stryszawa Kuków
83%
Stryszawa Kurów
83%
Stryszawa Lachowice
83%
Jordanów (wiejska) Osielec
83%
Budzów Palcza
83%
Zembrzyce Tarnawa Dolna
83%
Maków Podhalański Wieprzec
83%
Maków Podhalański Żarnówka
83%
Maków Podhalański Juszczyn
67%
Maków Podhalański Kojszówka
67%
Jordanów (wiejska) Łętownia
67%
Zembrzyce Marcówka
67%
Stryszawa Pewelka
67%
Stryszawa Hucisko
50%
Stryszawa Krzeszów
50%
Jordanów (wiejska) Naprawa
50%
Zembrzyce Śleszowice
50%
Stryszawa Targoszów
50%
Budzów Zachełmna
50%
Jordanów (wiejska) Toporzysko
33%
Jordanów (wiejska) Wysoka
33%
Nie znaleziono quizów pasujących do podanych kryteriów
Rozkład punktacji
Procent ludzi z każdym wynikiem
Percentyl według liczby udzielonych odpowiedzi
Twoja historia wyników
Nie rozwiązałeś tego quizu